<?xml version="1.0" encoding="UTF-8"?>
<record
    xmlns:xsi="http://www.w3.org/2001/XMLSchema-instance"
    xsi:schemaLocation="http://www.loc.gov/MARC21/slim http://www.loc.gov/standards/marcxml/schema/MARC21slim.xsd"
    xmlns="http://www.loc.gov/MARC21/slim">

  <leader>01023nam a2200241 a 4500</leader>
  <controlfield tag="001">BRCA_1362</controlfield>
  <controlfield tag="005">20190320203407.0</controlfield>
  <controlfield tag="008">890418r1989----nyua---###---#001-0#eng-#</controlfield>
  <datafield tag="020" ind1=" " ind2=" ">
    <subfield code="a">0517687917</subfield>
  </datafield>
  <datafield tag="050" ind1=" " ind2="4">
    <subfield code="a">NK2548</subfield>
    <subfield code="b">.C53 1989</subfield>
  </datafield>
  <datafield tag="100" ind1="1" ind2=" ">
    <subfield code="a">Claret Rubira, Jos&#xE9;</subfield>
    <subfield code="9">4457</subfield>
  </datafield>
  <datafield tag="245" ind1="1" ind2="0">
    <subfield code="a">Classical European Furniture Design</subfield>
    <subfield code="b">French, Spanish and English Period Designs</subfield>
    <subfield code="c">Jos&#xE9; Claret Rubira.</subfield>
  </datafield>
  <datafield tag="260" ind1=" " ind2=" ">
    <subfield code="a">Nueva York</subfield>
    <subfield code="b">Gramercy</subfield>
    <subfield code="c">1989</subfield>
  </datafield>
  <datafield tag="300" ind1=" " ind2=" ">
    <subfield code="a">3 v. en 1</subfield>
    <subfield code="b">il.</subfield>
    <subfield code="c">28 cm.</subfield>
  </datafield>
  <datafield tag="500" ind1=" " ind2=" ">
    <subfield code="a">Incluye &#xED;ndice alfab&#xE9;tico</subfield>
  </datafield>
  <datafield tag="505" ind1="0" ind2=" ">
    <subfield code="a">Contenido : v.1. Encyclopedia of French Period Furniture Designs. -- v.2. Encyclopedia of Spanish Period Furniture  Designs. -- v.3. Encyclopedia of English Period Furniture Designs</subfield>
  </datafield>
  <datafield tag="650" ind1="1" ind2="4">
    <subfield code="a">Dise&#xF1;adores de muebles</subfield>
    <subfield code="z">Francia</subfield>
    <subfield code="9">4458</subfield>
  </datafield>
  <datafield tag="650" ind1="1" ind2="4">
    <subfield code="a">Dise&#xF1;adores de muebles</subfield>
    <subfield code="z">Espa&#xF1;a</subfield>
    <subfield code="9">4459</subfield>
  </datafield>
  <datafield tag="650" ind1="1" ind2="4">
    <subfield code="a">Dise&#xF1;adores de muebles</subfield>
    <subfield code="z">Inglaterra</subfield>
    <subfield code="9">4460</subfield>
  </datafield>
  <datafield tag="650" ind1="1" ind2="4">
    <subfield code="a">Dise&#xF1;adores</subfield>
    <subfield code="x">Estilos</subfield>
    <subfield code="9">4461</subfield>
  </datafield>
  <datafield tag="700" ind1="1" ind2=" ">
    <subfield code="a">Claret Rubira, Jos&#xE9;</subfield>
    <subfield code="t">Muebles de estilo ingl&#xE9;s</subfield>
    <subfield code="f">1989</subfield>
    <subfield code="l">Ingl&#xE9;s</subfield>
    <subfield code="9">4462</subfield>
  </datafield>
  <datafield tag="942" ind1=" " ind2=" ">
    <subfield code="2">lcc</subfield>
    <subfield code="c">B</subfield>
  </datafield>
  <datafield tag="999" ind1=" " ind2=" ">
    <subfield code="c">1224</subfield>
    <subfield code="d">1224</subfield>
  </datafield>
  <datafield tag="952" ind1=" " ind2=" ">
    <subfield code="0">0</subfield>
    <subfield code="1">0</subfield>
    <subfield code="4">0</subfield>
    <subfield code="7">0</subfield>
    <subfield code="a">BRCA</subfield>
    <subfield code="b">BRCA</subfield>
    <subfield code="d">2008-06-26</subfield>
    <subfield code="l">0</subfield>
    <subfield code="o">NK2548 .C53 1989</subfield>
    <subfield code="p">01884</subfield>
    <subfield code="r">2019-03-22 00:00:00</subfield>
    <subfield code="w">2019-03-22</subfield>
    <subfield code="y">B</subfield>
  </datafield>
</record>
